header

African American females (Record no. 28076)

MARC details
000 -LEADER
fixed length control field 01523nam a2200361Ia 4500
082 04 - DEWEY DECIMAL CLASSIFICATION NUMBER
Classification number 305.48/896073
245 00 - TITLE STATEMENT
Title African American females
260 ## - PUBLICATION, DISTRIBUTION, ETC. (IMPRINT)
Place of publication East Lansing :
Name of publisher Michigan State University Press,
Year of publication 2013.
300 ## - PHYSICAL DESCRIPTION
Number of Pages xvi, 389 p.
490 0# - SERIES STATEMENT
Series statement Courageous conversations series
650 #0 - SUBJECT ADDED ENTRY--TOPICAL TERM
Topical Term African American women
Topical Term African American women
Topical Term African American women
Topical Term African American women
700 1# - ADDED ENTRY--PERSONAL NAME
Personal name Zamani-Gallaher, Eboni M.,
Personal name Polite, Vernon C.
856 40 - ELECTRONIC LOCATION AND ACCESS
Uniform Resource Identifier http://site.ebrary.com/lib/rucke/Doc?id=10718989

No items available.

© 2026 Rongo University
Contact us: librarian | system librarian | Rongo university